000 00412 a2200169 4500
001 49558
020 _a8510025096
040 _cAnchieta - Bela Vista
100 _aCardoso, Leonardo Mendes
240 1 0 _aCom os pés na cabeça do rei
_lpor
245 1 0 _aCom os pés na cabeça do rei
300 _a39
362 0 _a1999
440 1 _aEditora do Brasil
650 4 _aLiteratura infanto-juvenil
942 _cBK
999 _c49558
_d49558